Chartered Institute of Public Finance and Accountancy (CIPFA) (Record no. 120029)

MARC details
000 -LEADER
fixed length control field 00722cam a2200169 4500
001 - CONTROL NUMBER
control field WS117827
008 - FIXED-LENGTH DATA ELEMENTS--GENERAL INFORMATION
fixed length control field 020503n 000 0 eng u
035 ## - SYSTEM CONTROL NUMBER
System control number (Sirsi) u117827
110 ## - MAIN ENTRY--CORPORATE NAME
Corporate name or jurisdiction name as entry element Chartered Institute of Public Finance and Accountancy
9 (RLIN) 2136
245 ## - TITLE STATEMENT
Title Chartered Institute of Public Finance and Accountancy (CIPFA)
520 ## - SUMMARY, ETC.
Summary, etc. Web site for this leading authority on accountancy and financial management for the public services. Includes link to their journal 'Public Finance'.
650 ## - SUBJECT ADDED ENTRY--TOPICAL TERM
Topical term or geographic name entry element ORGANISATION
650 ## - SUBJECT ADDED ENTRY--TOPICAL TERM
Topical term or geographic name entry element PUBLIC FINANCE
690 ## - LOCAL SUBJECT ADDED ENTRY--TOPICAL TERM (OCLC, RLIN)
Topical term or geographic name as entry element MANAGEMENT-BUSINESS MANAGEMENT-FINANCIAL MANAGEMENT
856 40 - ELECTRONIC LOCATION AND ACCESS
Uniform Resource Identifier <a href="https://www.cipfa.org.uk">https://www.cipfa.org.uk</a>
Public note View the website free of charge at www.cipfa.org.uk...
942 ## - ADDED ENTRY ELEMENTS (KOHA)
Suppress in OPAC 0
Holdings
Withdrawn status Lost status Source of classification or shelving scheme Damaged status Not for loan Home library Current library Shelving location Date acquired Total Checkouts Full call number Barcode Date last seen Copy number Price effective from Koha item type
    Dewey Decimal Classification     Virtual Virtual Online 03/05/2002   WEB SITE 117827-2001 06/08/2019 1 06/08/2019 Online material